[Event "London Classic Weekend op 11th"]
[Site "London"]
[Date "2019.11.30"]
[Round "2"]
[White "Barlov, Alex"]
[Black "Gardiner, Eric D"]
[Result "0-1"]
[WhiteElo "1703"]
[BlackElo "2022"]
[PlyCount "78"]
[EventDate "2019.11.29"]
[EventType "swiss"]
[EventRounds "5"]
[EventCountry "ENG"]
[SourceTitle "CBM 193 Extra"]
[Source "ChessBase"]
[SourceDate "2020.01.31"]
[SourceVersion "1"]
[SourceVersionDate "2020.01.31"]
[SourceQuality "1"]

1. e4 e6 2. d4 d5 3. Nd2 Be7 4. c3 c5 5. Ngf3 Nf6 6. e5 Nfd7 7. Bd3 Nc6 8. 0-0 g5 9. dxc5 g4 10. Nd4 Ndxe5 11. Bb5 Bd7 12. f4 Nxd4 13. Bxd7+ Qxd7 14. cxd4 Nc6 15. Qxg4 Bf6 16. Nf3 h5 17. Qh3 Nxd4 18. Ne5 Qc7 19. Qd3 Nc6 20. Nxc6 Qxc6 21. f5 e5 22. Re1 0-0-0 23. Bd2 Rhg8 24. Rac1 e4 25. Qe2 Bxb2 26. Rc2 Bf6 27. Bf4 Rg4 28. Bd6 d4 29. Rc4 d3 30. Qe3 Bg5 31. Qh3 Rxd6 32. Qxh5 Bd2 33. Qxg4 Bxe1 34. Qg8+ Rd8 35. Qxf7 Qd5 36. Qxd5 Rxd5 37. f6 Rf5 38. Rxe4 Bf2+ 39. Kf1 Bd4+ 0-1

[Event "GBR-ch U16 106th"]
[Site "Torquay"]
[Date "2019.07.31"]
[Round "4"]
[White "Sanitt, Leo"]
[Black "Barlov, Alex"]
[Result "1-0"]
[WhiteElo "1846"]
[BlackElo "1739"]
[PlyCount "46"]
[EventDate "2019.07.28"]
[EventType "swiss"]
[EventRounds "7"]
[EventCountry "ENG"]
[SourceTitle "EXT 2020"]
[Source "ChessBase"]
[SourceDate "2019.10.17"]
[SourceVersion "1"]
[SourceVersionDate "2019.10.17"]
[SourceQuality "1"]

1. e4 e6 2. d4 d5 3. exd5 exd5 4. Bd3 c5 5. dxc5 Bxc5 6. Nf3 Nf6 7. Qe2+ Be7 8. 0-0 0-0 9. h3 Re8 10. Qd1 Bc5 11. Nbd2 Qd6 12. Nb3 Bb6 13. Nbd4 Nc6 14. Be3 Ne4 15. Nb5 Qd8 16. Bxb6 Qxb6 17. Nc3 Rd8 18. Qe1 Ng3 19. Na4 Qc7 20. fxg3 Bd7 21. Nc5 Re8 22. Qf2 Ne5 23. Nxe5 Qd8 1-0

[Event "BCF-ch U14"]
[Site "Llandudno"]
[Date "2017.08.01"]
[Round "3"]
[White "Ramaiya, Arushi"]
[Black "Barlov, Alex"]
[Result "0-1"]
[WhiteElo "1614"]
[BlackElo "1510"]
[PlyCount "110"]
[EventDate "2017.07.30"]
[EventType "swiss"]
[EventRounds "7"]
[EventCountry "WLS"]
[SourceTitle "CBM 179 Extra"]
[Source "ChessBase"]
[SourceDate "2017.08.23"]
[SourceVersion "1"]
[SourceVersionDate "2017.08.23"]
[SourceQuality "1"]

1. e4 e6 2. d4 d5 3. Nd2 Nf6 4. e5 Nfd7 5. Bd3 c5 6. c3 Nc6 7. Ne2 cxd4 8. cxd4 f6 9. exf6 Nxf6 10. Nf3 Bd6 11. Bf4 Be7 12. 0-0 0-0 13. Ng3 Qb6 14. b3 Ne4 15. Be3 Nxg3 16. fxg3 e5 17. Bc2 Bf5 18. Bxf5 Rxf5 19. Qc2 Raf8 20. g4 R5f7 21. Rae1 e4 22. Ne5 Rxf1+ 23. Rxf1 Nxe5 24. Rxf8+ Bxf8 25. a3 Nd3 26. Qc8 Qc6 27. Qd8 Nb4 28. Bg5 Qb6 29. Qxb6 axb6 30. Kf2 Nc2 31. Bd8 Nxd4 32. Bxb6 Ne6 33. Ke3 Bc5+ 34. Bxc5 Nxc5 35. b4 Nd7 36. a4 Nb8 37. h4 Kf7 38. h5 h6 39. Kf4 Kf6 40. g3 g5+ 41. hxg6 Kxg6 42. b5 Kf6 43. a5 Kg6 44. b6 Kf6 45. Ke3 Kg5 46. Kd4 Kxg4 47. Kxd5 e3 48. Kd6 Na6 49. Kd7 e2 50. Kc8 e1Q 51. Kxb7 Qxa5 52. Ka8 Nc5+ 53. Kb8 Qxb6+ 54. Kc8 Qb7+ 55. Kd8 Qd7# 0-1

[Event "BCF-ch U14"]
[Site "Llandudno"]
[Date "2017.07.31"]
[Round "2"]
[White "Barlov, Alex"]
[Black "Govindaraj, Neya"]
[Result "1-0"]
[WhiteElo "1510"]
[BlackElo "1318"]
[PlyCount "65"]
[EventDate "2017.07.30"]
[EventType "swiss"]
[EventRounds "7"]
[EventCountry "WLS"]
[SourceTitle "CBM 179 Extra"]
[Source "ChessBase"]
[SourceDate "2017.08.23"]
[SourceVersion "1"]
[SourceVersionDate "2017.08.23"]
[SourceQuality "1"]

1. e4 d6 2. d4 g6 3. Nc3 Bg7 4. Nf3 Nf6 5. Bg5 0-0 6. Qd2 Nc6 7. Be2 a6 8. a4 Bg4 9. h3 Bxf3 10. Bxf3 Qd7 11. 0-0 e5 12. Bxf6 Bxf6 13. Nd5 Bg7 14. dxe5 Nxe5 15. Be2 Rab8 16. f4 Nc6 17. f5 Ne5 18. f6 c6 19. fxg7 Kxg7 20. Nf6 Qe6 21. Bg4 Nxg4 22. Nxg4 f5 23. Qh6+ Kg8 24. exf5 Rxf5 25. Rxf5 Qxf5 26. Rf1 Qc5+ 27. Kh1 Qa7 28. Nf6+ Kf7 29. Qxh7+ Ke6 30. Qd7+ Ke5 31. Qe7+ Kd4 32. Qe4+ Kc5 33. Nd7# 1-0

[Event "London Classic op U1825 8th"]
[Site "London"]
[Date "2016.12.10"]
[Round "3"]
[White "Probert, Malcolm"]
[Black "Barlov, Alex"]
[Result "1/2-1/2"]
[WhiteElo "1628"]
[BlackElo "1312"]
[PlyCount "100"]
[EventDate "2016.12.09"]
[EventType "swiss"]
[EventRounds "5"]
[EventCountry "ENG"]
[SourceTitle "EXT 2019"]
[Source "ChessBase"]
[SourceDate "2018.10.10"]
[SourceVersion "1"]
[SourceVersionDate "2018.10.10"]
[SourceQuality "1"]

1. Nf3 d5 2. c4 Nf6 3. g3 c6 4. Qc2 Bg4 5. Bg2 Nbd7 6. 0-0 e6 7. b3 Bd6 8. Bb2 Qc7 9. d4 h5 10. c5 Be7 11. Nbd2 Bxf3 12. Nxf3 Ne4 13. Bc1 g5 14. Nd2 Nxd2 15. Bxd2 h4 16. f4 hxg3 17. hxg3 0-0-0 18. Kf2 f6 19. Rh1 gxf4 20. Bxf4 e5 21. Be3 Rhg8 22. Rh7 Nf8 23. Rf7 exd4 24. Bf4 Qd7 25. Rh1 d3 26. exd3 Bxc5+ 27. Qxc5 Qxf7 28. Qxa7 Ne6 29. Qa8+ Kd7 30. Qxb7+ Ke8 31. Qxc6+ Qd7 32. Bxd5 Qxc6 33. Bxc6+ Kf8 34. Ke3 Nxf4 35. gxf4 Rg3+ 36. Ke4 Rdxd3 37. Rh2 Rd1 38. Bd5 Rgg1 39. Bc4 Ra1 40. a4 Rgb1 41. Kf5 Ke7 42. Rh6 Rh1 43. Rxf6 Rh5+ 44. Kg6 Rh6+ 45. Kxh6 Kxf6 46. Kh7 Kf5 47. Kg7 Kxf4 48. Kf6 Ke4 49. Ke6 Kd4 50. Kd6 Rxa4 1/2-1/2